00531nam a2200133Ia 4500008004100000020002200041100002200063245008500085260004900170300002500219650001600244999001900260952011800279200907s9999 xx 000 0 und d a978-971-98-0933-3 aNocon, Rizaldi C. cRizaldi C. Nocon, Ederlina G. NoconaEssential mathematics for the modern world/ aQuezon City:bC and E Publishing, Inc.c2018 ax, 501 pagesc22 cm. aMathematics c364070d364070 001040aCLbCLcFILd2020-09-07eLibrary Fundl0oQA 36.5 .N63 2018pC22249r2020-09-07 00:00:00w2020-09-07yBK